Protokol dan Etiket Dalam Pengurusan dan Menghadiri Majlis

Bibliographic Details
Main Author: Mokhtar B. Mohd Tohar
Format: Book
Published: Malaysia : Institut Tadbir Awam Negara 2007
Subjects:

MARC

LEADER 00000cam a2200000 7i4500
001 0000019839
005 20170426.0
020 |a 9789833109272 
040 |a INS 
090 0 0 |a BJ2007   |b M43M729 2007 
100 0 |a Mokhtar B. Mohd Tohar 
245 0 0 |a Protokol dan Etiket Dalam Pengurusan dan Menghadiri Majlis   |c Mokhtar B. Mohd Tohar 
264 1 |a Malaysia :   |b Institut Tadbir Awam Negara   |c 2007 
300 |a x, 465ms., :   |b ill., pic., col. ;   |c 23cm. 
500 |a Termasuk indeks 
504 |a Bibliografi : ms. 457 - 460 
650 0 0 |a Government Etiquette Malaysia   |a Diplomatic Etiquette Malaysia   |a Precedence Malaysia 
999 |a 0000018993   |b BOOK   |c Open Shelf   |e Default branch